Say "Goodbye" in Different Languages - Statistics

General Stats
  • This quiz has been taken 55 times
  • The average score is 3 of 6
Answer Stats
Language Goodbye % Correct
English Goodbye
95%
Spanish Adiós
65%
French Au revoir
55%
German Auf Wiedersehen
35%
Italian Arrivederci
30%
Romanian La revedere
8%
No matching quizzes found
Score Distribution
Percent of People with Each Score
Percentile by Number Answered
Your Score History
You have not taken this quiz